|
|
|
|
| LEADER |
00821nab a2200229 i 4500 |
| 001 |
publ4715 |
| 005 |
20190322111744.0 |
| 008 |
150121s2014 hu o 0|| angol d |
| 022 |
|
|
|a 1536-0040
|
| 024 |
7 |
|
|a 10.1137/120904226
|2 doi
|
| 024 |
7 |
|
|a 2570272
|2 mtmt
|
| 040 |
|
|
|a SZTE Publicatio Repozitórium
|b hun
|
| 041 |
|
|
|a angol
|
| 100 |
1 |
|
|a Bánhelyi Balázs
|
| 245 |
1 |
0 |
|a Global Attractivity of the Zero Solution for Wright's Equation
|h [elektronikus dokumentum] /
|c Bánhelyi Balázs
|
| 260 |
|
|
|a Society of Industrial and Applied Mathematics
|c 2014
|
| 300 |
|
|
|a 537-563
|
| 490 |
0 |
|
|a SIAM Journal on Applied Dynamical Systems
|v 13 No. 1
|
| 700 |
0 |
1 |
|a Csendes Tibor
|e aut
|
| 700 |
0 |
1 |
|a Krisztin Tibor
|e aut
|
| 700 |
0 |
1 |
|a Neumaier Arnold
|e aut
|
| 856 |
4 |
0 |
|u http://publicatio.bibl.u-szeged.hu/4715/1/2570272.pdf
|z Dokumentum-elérés
|